| 000 | 00686nam a2200229Ia 4500 | ||
|---|---|---|---|
| 003 | BUBTL | ||
| 008 | 151213s9999 xx 000 0 und d | ||
| 020 | _a07-2469-44-7 | ||
| 082 |
_a658 _bJOM |
||
| 100 | _aGareth R.Jones, Jennifer M.George | ||
| 245 |
_aContemporary Management _cGareth R.Jones, Jennifer M.George |
||
| 250 | _a3rd | ||
| 260 |
_aBoston _bMcGrawHill Irwin _c2003 |
||
| 300 |
_a[xxix] , 732p . : _bill , Graph , Table ; 22cm . _cManagement . |
||
| 500 | _aIncludes Index . | ||
| 650 | _aManagement | ||
| 650 | _aManagement | ||
| 700 | _aGareth R.Jones, Jennifer M.George | ||
| 856 |
_k0 _l0 _yDownload |
||
| 942 |
_2ddc _cBK |
||
| 999 |
_c4808 _d4808 |
||